|
|
|
|
| LEADER |
00000cam a2200000 a 4500 |
| 001 |
vtls001314524 |
| 003 |
SK-MaSNL |
| 005 |
20260301005223.0 |
| 008 |
240315s1970 xr o 00000 cze |
| 035 |
|
|
|a SNK000266987
|
| 040 |
|
|
|a SNK
|b slo
|c SNK
|e AACR2
|
| 041 |
0 |
|
|a cze
|
| 044 |
|
|
|a xr
|c CZ
|
| 080 |
|
|
|a 32-051
|2 2001
|
| 080 |
|
|
|a (73)
|2 2001
|
| 080 |
|
|
|a (092)
|2 2001
|
| 100 |
1 |
|
|a Volek, Jindřich,
|d 1928-
|4 aut
|9 133384
|
| 245 |
1 |
0 |
|a Kennedyové
|c Jindřich Volek
|
| 250 |
|
|
|a 1. vyd.
|
| 260 |
|
|
|a Praha
|b Vyšehrad
|c 1970
|
| 300 |
|
|
|a 274 s.
|b fotogr.
|c 20 cm
|
| 366 |
|
|
|e 30 000 výtl.
|
| 500 |
|
|
|a Viazaná
|
| 600 |
0 |
3 |
|a Kennedy (rod)
|2 SVKBBMA
|9 289209
|
| 650 |
0 |
7 |
|a politici
|2 SNKPH
|9 2679
|
| 651 |
|
7 |
|a Spojené štáty americké
|2 SNKPH
|9 18262
|
| 655 |
|
7 |
|a biografie
|2 SNKPH
|9 27965
|
| 852 |
|
|
|a Štátna vedecká knižnica v Banskej Bystrici
|
| 958 |
|
|
|a OND
|
| 999 |
|
|
|c 544521
|d 546451
|
| 952 |
|
|
|t P60, <04>, [BOOK], {604}
|a SNK
|b SNK
|y VYP
|7 0
|p 17A0114216
|o snkID 51222 D1
|0 0
|1 1
|4 0
|d 1997-12-12
|l 0
|r 2005-01-02 00:00:00
|w 2026-02-23
|